Staatspräsidenten Chinas - Statistiken

Allgemein
  • Dieses Quiz wurde 69 mal gespielt
  • Das Durchschnittsergebnis liegt bei 3 aus 12
Antwortstatistiken
Beginn Ende Staatspräsident % Korrekt
2013 amtierend Xi Jingping
94%
1949 1959 Mao Zedong
89%
1975 1976 Zhu De
31%
2003 2013 Hu Jintao
24%
1983 1988 Li Xiannian
23%
1993 2003 Jiang Zemin
13%
1968 1975 Dong Biwu
11%
1959 1968 Liu Shaoqi
6%
1978 1983 Ye Jianying
5%
1968 1972 Song Qingling
3%
1976 1978 Song Qingling
3%
1988 1993 Yang Shangkun
3%
Keine übereinstimmenden Quizze gefunden
Verteilung der Resultate
Anzahl Personen mit jedem Resultat
Perzentil nach korrekt beantworteten Fragen
Ihre Resultats-Entwicklung
Sie haben dieses Quiz noch nicht gespielt